Prywatyzacja przedsiebiorstw w Japonii.
Japonská vláda prikročila k reforme mnohých verejných korporácií v r. 1965 a v 80. rokoch k privatizácii vrátane obrovských podnikov ako NTT (telefónny) a JNR (doprava). Príčiny privatizácie. Bezpríkladný rozvoj Japonska po 2. svetovej vojne zameraný na efektívnosť a konkurenčnosť podnikov. Privatiz...
Saved in:
| Main Author: | |
|---|---|
| Format: | Book Chapter |
| Language: | Polish |
| Subjects: | |
| Tags: |
No Tags, Be the first to tag this record!
|
MARC
| LEADER | 00000naa a2200000 4500 | ||
|---|---|---|---|
| 001 | r004586 | ||
| 005 | 20221125122555.0 | ||
| 041 | 0 | |a pol | |
| 044 | |a PL | ||
| 245 | 1 | 0 | |a Prywatyzacja przedsiebiorstw w Japonii. |c M. Strzyzewska |
| 520 | |a Japonská vláda prikročila k reforme mnohých verejných korporácií v r. 1965 a v 80. rokoch k privatizácii vrátane obrovských podnikov ako NTT (telefónny) a JNR (doprava). Príčiny privatizácie. Bezpríkladný rozvoj Japonska po 2. svetovej vojne zameraný na efektívnosť a konkurenčnosť podnikov. Privatizácia súčasťou dlhodobej stratégie hospodárskeho rastu. | ||
| 610 | 2 | 0 | |a privatizácia |
| 610 | 2 | 0 | |a podnik |
| 610 | 2 | 0 | |a Japonsko |
| 610 | 2 | 0 | |a efektívnosť |
| 610 | 2 | 0 | |a konkurencieschopnosť |
| 610 | 2 | 0 | |a rast hospodársky |
| 100 | 1 | |a Strzyzewska, M. | |